000 00661nam a22002297a 4500
003 UA-OsUOA
001 92514
007 ta
008 20121219b un ||||| |||| 00| 0 ukr d
100 _aМаксимов Ю
700 _aМагомедов Ш.
090 _a330
_bМ17
942 _cSA
040 _aUA-OsUOA
_brus
_cUA-OsUOA
_dUA-OsUOA
245 _aКачество как фактор международной конкуренции
300 _aС. 19-31
955 _a0
041 _arus
080 _a330
773 0 _w92513
_tМеждународная экономика
_dМ.
_d2012
_g11
650 7 _a330 Економіка взагалі
_2UDC
999 _c378742
_d378742